00675nam a2200121Ia 4500008004100000020001800041100001600059245012200075260003900197650026000236650001200496856004500508171212s9999 xx 000 0 und d a9780874215519 aBush, Laura cBush, LauraaFaithful Transgressions In The American WestbSix Twentieth-Century Mormon Women's Autobiographical Acts bUniversity Press of Coloradoc2004 aAmerican prose literature -- Mormon authors -- History and criticism; American prose literature -- Women authors -- History and criticism; American prose literature -- West (U.S.) -- History and criticism; Women authors, American -- Biography -- History a aHistory uwww.jstor.org/stable/10.2307/j.ctt46nqvx